Statistics for Berney's US Road Trip - South East (map)

Click here to take the quiz!

General Stats

  • This quiz has been taken 62 times
  • The average score is 9 of 12

Answers on the Map

Answers color-coded by a green-red scale on the quiz's map according to % correct below.
 

Answer Stats

#HintAnswer% Correct
4GracelandMemphis
100%
3Grand Ole OpryNashville
100%
7Bourbon StreetNew Orleans
96%
10State CapitalTallahassee
96%
1Carolina PanthersCharlotte
94%
8USS AlabamaMobile
92%
11BoardwalkSavannah
88%
12Soda CityColumbia
82%
9Naval Aviation MuseumPensacola
64%
6Civil War SiegeVicksburg
42%
5National ParkHot Springs
38%
2DollywoodPigeon Forge
34%

Score Distribution

Percentile by Number Answered

Percent of People with Each Score

Your Score History

You have not taken this quiz